Behaviourally driven gene expression reveals song nucleic in hummingbird brain (Registro nro. 13049)
[ vista simple ]
| 000 -CABECERA | |
|---|---|
| Campo de control | 007360000a22002530004500 |
| 090 ## - CLASIFICACIÓN LOCAL | |
| Colección | AR |
| Consecutivo | 04016 |
| 041 0# - IDIOMA | |
| Código de idioma para texto/pista de sonido o título separado | |
| 100 1# - ASIENTO PRINCIPAL--NOMBRE PERSONAL | |
| Nombre personal | Jarvis, Erich D. |
| 245 10 - MENCION DE TITULO | |
| Título | Behaviourally driven gene expression reveals song nucleic in hummingbird brain |
| 500 ## - NOTA GENERAL | |
| Nota general | <Curso de Bioacústica> |
| 650 14 - ASIENTO SECUNDARIO DE MATERIA - TERMINO TEMATICO | |
| Término temático o nombre geográfico como elemento de entrada | Bioacústica |
| 650 14 - ASIENTO SECUNDARIO DE MATERIA - TERMINO TEMATICO | |
| Término temático o nombre geográfico como elemento de entrada | Etología |
| 650 14 - ASIENTO SECUNDARIO DE MATERIA - TERMINO TEMATICO | |
| Término temático o nombre geográfico como elemento de entrada | Aves |
| 651 #4 - ASIENTO SECUNDARIO DE MATERIA - NOMBRE GEOGRAFICO | |
| -- | Brasil |
| 653 ## - TERMINO DE INDIZACION - NO CONTROLADO | |
| -- | Aphantochroa |
| 653 ## - TERMINO DE INDIZACION - NO CONTROLADO | |
| -- | Glaucis |
| 700 1# - ASIENTO SECUNDARIO - NOMBRE PERSONAL | |
| Nombre personal | Ribeiro, Sidarta |
| 700 1# - ASIENTO SECUNDARIO - NOMBRE PERSONAL | |
| Nombre personal | Da Silva, María Luisa |
| 700 1# - ASIENTO SECUNDARIO - NOMBRE PERSONAL | |
| Nombre personal | Ventura, Dora |
| 700 1# - ASIENTO SECUNDARIO - NOMBRE PERSONAL | |
| Nombre personal | Vielliard, Jacques M. |
| 700 1# - ASIENTO SECUNDARIO - NOMBRE PERSONAL | |
| Nombre personal | Mello, Claudio V. |
| 773 1# - Item fuente: | |
| Título | Nature |
| Paginas del Articulo | 628-632 |
| Lugar, editorial y fecha de publicación | 2000 |
| Información sobre la relación | 406 |
| 942 ## - ELEMENTOS ADICIONALES (KOHA) | |
| Tipo de ítem | Artículo |
| Withdrawn status | Lost status | Damaged status | No para préstamo | Colección | Ubicación Permanente | Ubicación actual | Fecha de adquisición | Fuente de Valor | Datos de publicación Seriada | Total Checkouts | Número topográfico | Inventario / Código de Barras | Date last seen | Price effective from | Forma de adquisición | Tipo de material |
|---|---|---|---|---|---|---|---|---|---|---|---|---|---|---|---|---|
| No para Préstamo | Hemeroteca | Bogotá | Bogotá | 27/02/2015 | Curso de Bioacústica | Fuera de circulación | AR 04016 | 017587 | 25/03/2015 | 25/03/2015 | Artículo |